000 00666nam a22002057a 4500
005 20231204123303.0
010 _aENG-138559
020 _a9789354427312
_c555.00
035 _aEN-122091
037 _bDBAD/PUB
082 _a322.10954
_21
100 _aRycroft, Daniel J.
_959422
245 _aThe Humanities in India aPluralist Pedagogy/
_cBy Daniel J. Rycroft
250 _a1
260 _aTelengana
_bOrient BlackSwan Private Limited
_c2023
270 _a3-6-752, Himayatnagar, Hyderabad
_bTelengana
_e500029
_minfo@orientblackswan.com
300 _a98p.
_c22cm(pbk)
_bindex
500 _aIncludes index
942 _2ddc
_cEN
_h322.10954
_mRYC
999 _c199437
_d199437